Tough Choices: Holiday Edition Quiz Stats

 Plays Quiz Updated Feb 11, 2016

Challenge
Share
Tweet
Embed
Score 0/20 Timer 07:00
13 Plays Today
Column A (Type A if Higher) A or B? % Correct
Days in an advent calendar???
81.8%
Years between leap years (Julian calendar)???
75.3%
Anniversary marked as the Silver Jubilee???
75.1%
Days between Christmas Day and Boxing Day???
70.6%
States that recognize Columbus Day as a state holiday???
65.7%
Millions of Easter eggs dyed (U.S., 2013)???
64.3%
Years Earth Day has been celebrated,
as of December 2013
???
63.7%
Weight of average Thanksgiving turkey (pounds)???
62.5%
Days of Lent???
60.3%
Days of Passover (Reform Judaism)???
58.8%
Column A (Type A if Higher) A or B? % Correct
Days in a Lunar Year???
58.6%
Days of Diwali???
55.9%
Bonza Bottler Days each year???
54.2%
Millions of pounds of candy corn produced each year (U.S.)???
51.6%
Versions of Mickey Mouse at the Macy's
Thanksgiving Day Parade, as of 2013
???
49%
Mother's Day greeting cards sent annually (millions)???
47.5%
U.S. federal holidays in a calendar year???
45.6%
Works of St. Patrick???
36.7%
Deaths at Pamplona's Running of the Bulls???
36.2%
Average number of solar eclipses per calendar year???
35.7%

You're not logged in!

Compare scores with friends on all Sporcle quizzes.
Join for Free
OR
Log In

You Might Also Like...

Show Comments

Extras

Top Quizzes Today


Score Distribution

Your Account Isn't Verified!

In order to create a playlist on Sporcle, you need to verify the email address you used during registration. Go to your Sporcle Settings to finish the process.

Report this User

Report this user for behavior that violates our Community Guidelines.

Details: